Numerical recipes in FORTRAN : (Record no. 175388)

000 -LEADER
fixed length control field 01916 a2200301 4500
003 - CONTROL NUMBER IDENTIFIER
control field Nust
005 - DATE AND TIME OF LATEST TRANSACTION
control field 20221124112020.0
010 ## - LIBRARY OF CONGRESS CONTROL NUMBER
LC control number 92008876
020 ## - INTERNATIONAL STANDARD BOOK NUMBER
International Standard Book Number 052143064X (book)
020 ## - INTERNATIONAL STANDARD BOOK NUMBER
International Standard Book Number 0521437164 (diskette)
020 ## - INTERNATIONAL STANDARD BOOK NUMBER
International Standard Book Number 0521437172 (diskette)
020 ## - INTERNATIONAL STANDARD BOOK NUMBER
International Standard Book Number 0521437199 (diskette)
020 ## - INTERNATIONAL STANDARD BOOK NUMBER
International Standard Book Number 0521437210 (example book)
040 ## - CATALOGING SOURCE
Transcribing agency Nust
082 00 - DEWEY DECIMAL CLASSIFICATION NUMBER
Classification number 519.402855,PRE
245 00 - TITLE STATEMENT
Title Numerical recipes in FORTRAN :
Remainder of title the art of scientific computing /
Statement of responsibility, etc. William H. Press ... [et al.].
250 ## - EDITION STATEMENT
Edition statement 2nd ed.
260 ## - PUBLICATION, DISTRIBUTION, ETC.
Place of publication, distribution, etc. Cambridge [England] ;
-- New York, NY, USA :
Name of publisher, distributor, etc. Cambridge University Press,
Date of publication, distribution, etc. 1992.
300 ## - PHYSICAL DESCRIPTION
Extent xxvi, 963 p. :
Other physical details ill. ;
Dimensions 26 cm.
505 ## - FORMATTED CONTENTS NOTE
Formatted contents note Prelimenaries (Page-1), Solution of Linear Algebraic Equations (Page-22), Interpolation and Extrapolation (Page-99), Integration of Functions (Page-123), Evaluation of Functions (Page-159), Special Functions (Page-205), Random Numbers (Page-266), Sorting (Page-320), Root Finding and Nonlinear Sets of Equations (Page-340), Minimization or Maximization of Functions (Page-387), Eigensystems (Page-449), Fast Fourier Transform (Page-490), Fourier and Spectral Applications (Page-530), Statistical Description of Data (Page-603), Modeling of Data (Page-650), Integrarion of Ordinary Differential Equations (Page-701), Two Point Boundary Value Problems (Page-745), Integral Equatios and Inverse Theory (Page-779), Partial Differential Equations (Page-818), Less Numerical Algorithms (Page-881).
Statement of responsibility ,
650 #0 - SUBJECT ADDED ENTRY--TOPICAL TERM
Topical term or geographic name entry element FORTRAN (Computer program language)
9 (RLIN) 26734
650 #0 - SUBJECT ADDED ENTRY--TOPICAL TERM
Topical term or geographic name entry element Numerical analysis
General subdivision Computer programs.
9 (RLIN) 1808
650 #0 - SUBJECT ADDED ENTRY--TOPICAL TERM
Topical term or geographic name entry element Science
General subdivision Mathematics
-- Computer programs.
9 (RLIN) 1809
700 1# - ADDED ENTRY--PERSONAL NAME
Personal name Press, William H.
9 (RLIN) 1811
856 41 - ELECTRONIC LOCATION AND ACCESS
Materials specified Publisher description
Uniform Resource Identifier <a href="http://www.loc.gov/catdir/description/cam041/92008876.html">http://www.loc.gov/catdir/description/cam041/92008876.html</a>
856 41 - ELECTRONIC LOCATION AND ACCESS
Materials specified Table of contents
Uniform Resource Identifier <a href="http://www.loc.gov/catdir/toc/cam041/92008876.html">http://www.loc.gov/catdir/toc/cam041/92008876.html</a>
942 ## - ADDED ENTRY ELEMENTS (KOHA)
Koha item type Reference
Source of classification or shelving scheme
Call number prefix 519.402855,PRE
Holdings
Withdrawn status Lost status Source of classification or shelving scheme Damaged status Not for loan Collection code Permanent Location Current Location Date acquired Total Checkouts Full call number Barcode Date last seen Price effective from Koha item type
            Military College of Signals (MCS) Military College of Signals (MCS) 12/12/2016   519.4028553 PRE MCS27086 12/08/2016 12/12/2016 Book
© 2023 Central Library, National University of Sciences and Technology. All Rights Reserved.